000 00449nam a2200157 i 4500
001 135140
003 ES-MaACL
005 20230906194820.0
007 t|
008 070710s1901 it ||||1| ita d
100 1 _aTivaroni, Jacopo.
_9110355
245 1 0 _aPatrimonio é reddito di alcune marioni civili /
_cJacopo Tivaroni.
260 _aTorino :
_b[s.n.],
_c1901 (
_fRoux e Viarengo)
300 _a192 p. ;
_c23 cm.
852 _aES-MaACL
_jF-9922
999 _c135140
_d135140